[Event "SVK-chT2B 2425"]
[Site "Slovakia"]
[Date "2024.11.09"]
[Round "1.5"]
[White "Urban, Gabor"]
[Black "Chrenko, Kristian"]
[Result "1/2-1/2"]
[WhiteElo "2013"]
[BlackElo "2028"]
[PlyCount "28"]
[EventDate "2024.11.09"]
[EventType "team-tourn"]
[EventRounds "11"]
[EventCountry "SVK"]
[SourceTitle "CB51_2024"]
[SourceDate "2024.12.18"]
[SourceVersion "1"]
[SourceVersionDate "2024.12.18"]
[SourceQuality "1"]
[WhiteTeam "Batorove Kosihy"]
[BlackTeam "Tlmace"]
[WhiteTeamCountry "SVK"]
[BlackTeamCountry "SVK"]

1. g3 d5 2. Bg2 Nf6 3. d4 Bf5 4. Nf3 e6 5. 0-0 Be7 6. c4 c6 7. Nc3 h6 8. Qb3 Qb6 9. Qxb6 axb6 10. cxd5 exd5 11. Bf4 Nbd7 12. Rfe1 0-0 13. a3 Rfe8 14. h3 b5 1/2-1/2

[Event "SVK-chT1W 2324"]
[Site "Slovakia"]
[Date "2024.03.10"]
[Round "11.4"]
[White "Banas, Jan"]
[Black "Chrenko, Kristian"]
[Result "1/2-1/2"]
[WhiteElo "2164"]
[BlackElo "2003"]
[PlyCount "73"]
[EventDate "2023.10.21"]
[EventType "team-tourn"]
[EventRounds "11"]
[EventCountry "SVK"]
[SourceTitle "EXT 2025"]
[Source "ChessBase"]
[SourceDate "2024.10.14"]
[SourceVersion "1"]
[SourceVersionDate "2024.10.14"]
[SourceQuality "1"]
[WhiteTeam "Cifer"]
[BlackTeam "Nitra NSK"]
[WhiteTeamCountry "SVK"]
[BlackTeamCountry "SVK"]

1. Nf3 d5 2. g3 Nf6 3. Bg2 Bf5 4. b3 e6 5. Bb2 Be7 6. 0-0 h6 7. c4 c6 8. d3 0-0 9. Nbd2 Nbd7 10. Qc2 Bh7 11. Bc3 Qc7 12. Qb2 Rfc8 13. b4 b6 14. Rfc1 Qd8 15. Ne5 Nxe5 16. Bxe5 Qf8 17. a3 Nd7 18. Bc3 Bf6 19. b5 Qd6 20. bxc6 Rxc6 21. cxd5 exd5 22. Bxf6 Nxf6 23. Rxc6 Qxc6 24. Rc1 Qe6 25. Nb3 Rc8 26. Nd4 Qd7 27. Bf3 Bf5 28. Rxc8+ Qxc8 29. Nxf5 Qxf5 30. Qb5 Qe6 31. Kg2 Kf8 32. Qa6 Qd7 33. e4 dxe4 34. dxe4 Qe7 35. e5 Qxe5 36. Qxa7 Qd6 37. a4 1/2-1/2

[Event "SVK-chT2B 2324"]
[Site "Slovakia"]
[Date "2023.10.08"]
[Round "2.7"]
[White "Chrenko, Kristian"]
[Black "Detko, Jan"]
[Result "1/2-1/2"]
[WhiteElo "2031"]
[BlackElo "2027"]
[PlyCount "75"]
[EventDate "2023.10.07"]
[EventType "team-tourn"]
[EventRounds "11"]
[EventCountry "SVK"]
[SourceTitle "EXT 2025"]
[Source "ChessBase"]
[SourceDate "2024.10.14"]
[SourceVersion "1"]
[SourceVersionDate "2024.10.14"]
[SourceQuality "1"]
[WhiteTeam "Tlmace"]
[BlackTeam "Prievidza K CERO"]
[WhiteTeamCountry "SVK"]
[BlackTeamCountry "SVK"]

1. e4 g6 2. d4 Bg7 3. Nc3 c6 4. Be3 d5 5. Qd2 Nf6 6. e5 Ng4 7. Bf4 h5 8. Nf3 Bf5 9. Bd3 Qd7 10. 0-0 Bxd3 11. Qxd3 Na6 12. Rfe1 Nc7 13. Ng5 Ne6 14. Bd2 Nxg5 15. Bxg5 e6 16. a4 a5 17. Ra3 Nh6 18. Ne2 Bf8 19. Rb3 Nf5 20. Ng3 Nxg3 21. hxg3 Be7 22. Qd2 Bb4 23. c3 Be7 24. f3 Rb8 25. Rc1 Bxg5 26. Qxg5 Qe7 27. Qxe7+ Kxe7 28. Rb6 Kd7 29. b4 Kc7 30. bxa5 Ra8 31. Rcb1 Rhb8 32. a6 Rxa6 33. R6b4 b6 34. Kf2 Rba8 35. Ke3 R8a7 36. Kd3 Rxa4 37. Rxb6 Ra1 38. R1b2 1/2-1/2

[Event "SVK-chT1W 2223"]
[Site "Slovakia"]
[Date "2023.03.11"]
[Round "10.4"]
[White "Chrenko, Kristian"]
[Black "Ruckschloss, Karol"]
[Result "0-1"]
[WhiteElo "2035"]
[BlackElo "2180"]
[PlyCount "98"]
[EventDate "2022.10.15"]
[EventType "team-tourn"]
[EventRounds "11"]
[EventCountry "SVK"]
[SourceTitle "EXT 2024"]
[Source "ChessBase"]
[SourceDate "2023.10.10"]
[SourceVersion "1"]
[SourceVersionDate "2023.10.10"]
[SourceQuality "1"]
[WhiteTeam "Nitra NSK"]
[BlackTeam "Bratislava Slovan III"]
[WhiteTeamCountry "SVK"]
[BlackTeamCountry "SVK"]

1. e4 d6 2. d4 Nf6 3. Nc3 g6 4. Be3 c6 5. h3 b5 6. e5 Nfd7 7. exd6 exd6 8. d5 b4 9. Ne4 c5 10. Qd2 Nf6 11. Bb5+ Bd7 12. Bxd7+ Nbxd7 13. Nxf6+ Qxf6 14. Nf3 Bg7 15. 0-0 0-0 16. Rab1 Rfe8 17. Rfe1 Nb6 18. b3 Qf5 19. Red1 Rad8 20. Qd3 Qe4 21. Qxe4 Rxe4 22. Rd3 h6 23. Rbd1 f5 24. Nd2 Re7 25. h4 Kh7 26. Nf3 Re4 27. g3 Bf6 28. Nd2 Re7 29. Kg2 g5 30. hxg5 hxg5 31. Nf3 Kg6 32. Rh1 Rdd7 33. Re1 Re4 34. Bd2 Rde7 35. Rd1 Rh7 36. c4 g4 37. Ng1 Nd7 38. Bf4 Be5 39. Bd2 f4 40. gxf4 Bxf4 41. Bxf4 Rxf4 42. Re3 Rhf7 43. Re6+ Kg5 44. Rd2 R7f5 45. Kg3 Nf6 46. Rde2 Nh5+ 47. Kg2 Rf3 48. Kf1 Ng3+ 49. Ke1 Nxe2 0-1

[Event "Banska Stiavnica V4 op"]
[Site "Banska Stiavnica"]
[Date "2018.07.12"]
[Round "6"]
[White "Chrenko, Kristian"]
[Black "Slaba, Andrea"]
[Result "1-0"]
[WhiteElo "1992"]
[BlackElo "1889"]
[PlyCount "67"]
[EventDate "2018.07.07"]
[EventType "swiss"]
[EventRounds "9"]
[EventCountry "SVK"]
[SourceTitle "CBM 185 Extra"]
[Source "ChessBase"]
[SourceDate "2018.07.29"]
[SourceVersion "1"]
[SourceVersionDate "2018.07.29"]
[SourceQuality "1"]

1. e4 g6 2. d4 Bg7 3. Nc3 d6 4. Be3 c6 5. Qd2 Nd7 6. 0-0-0 b5 7. e5 dxe5 8. d5 c5 9. Bxb5 a6 10. Ba4 Qa5 11. Nge2 Rb8 12. f4 Qb4 13. b3 Qa3+ 14. Kb1 e4 15. Qc1 Qb4 16. a3 Qa5 17. Bxd7+ Bxd7 18. Nxe4 c4 19. Ka2 cxb3+ 20. cxb3 Qb5 21. Qc2 Bg4 22. Nd4 Bxd1 23. Rxd1 Qd7 24. Nc6 Rc8 25. Nc5 Qd6 26. Nxa6 Nf6 27. Bc5 Qxf4 28. Bxe7 Rxc6 29. Qxc6+ Kxe7 30. Re1+ Kd8 31. Qa8+ Kd7 32. Nc5+ Kc7 33. Na6+ Kb6 34. Qc6+ 1-0

[Event "SVK-chT2B 1718"]
[Site "Slovakia"]
[Date "2018.02.04"]
[Round "7.3"]
[White "Jakab, Bela"]
[Black "Chrenko, Kristian"]
[Result "1-0"]
[WhiteElo "2151"]
[BlackElo "1980"]
[PlyCount "61"]
[EventDate "2017.10.28"]
[EventType "team-tourn"]
[EventRounds "11"]
[EventCountry "SVK"]
[SourceTitle "EXT 2019"]
[Source "ChessBase"]
[SourceDate "2018.10.10"]
[SourceVersion "1"]
[SourceVersionDate "2018.10.10"]
[SourceQuality "1"]
[WhiteTeam "Komarno II"]
[BlackTeam "Tlmace"]
[WhiteTeamCountry "SVK"]
[BlackTeamCountry "SVK"]

1. e4 e5 2. Nf3 Nc6 3. Bc4 Bc5 4. c3 Nf6 5. d3 d6 6. 0-0 0-0 7. Bb3 a6 8. Nbd2 Ba7 9. h3 h6 10. Re1 Ne7 11. Nf1 Ng6 12. Ng3 Nf4 13. d4 N6h5 14. Nxh5 Nxh5 15. dxe5 dxe5 16. Qxd8 Rxd8 17. Nxe5 Be6 18. Bxe6 fxe6 19. Kf1 Rf8 20. Nf3 Rad8 21. Be3 Bxe3 22. Rxe3 Nf4 23. b3 c5 24. h4 Kf7 25. g3 Ng6 26. Ke2 b5 27. h5 Ne7 28. Ne5+ Ke8 29. f4 Rd6 30. Rd1 Nc8 31. Red3 1-0

[Event "Banska Stiavnica V4 op"]
[Site "Banska Stiavnica"]
[Date "2017.07.16"]
[Round "9"]
[White "Krupa, Miroslav"]
[Black "Chrenko, Kristian"]
[Result "1/2-1/2"]
[WhiteElo "1793"]
[BlackElo "2024"]
[PlyCount "57"]
[EventDate "2017.07.08"]
[EventType "swiss"]
[EventRounds "9"]
[EventCountry "SVK"]
[SourceTitle "CBM 179 Extra"]
[Source "ChessBase"]
[SourceDate "2017.08.23"]
[SourceVersion "1"]
[SourceVersionDate "2017.08.23"]
[SourceQuality "1"]

1. d4 d5 2. Bf4 Nf6 3. e3 c6 4. c3 Bf5 5. Nf3 e6 6. Be2 Bd6 7. Bg3 Qc7 8. Nbd2 Nbd7 9. Qb3 0-0 10. Bxd6 Qxd6 11. 0-0 h6 12. Rac1 b6 13. Rfd1 Rac8 14. c4 Ne4 15. Nxe4 Bxe4 16. Nd2 Bg6 17. Bf3 Rfd8 18. e4 dxe4 19. Nxe4 Bxe4 20. Bxe4 Nf6 21. Bf3 c5 22. d5 exd5 23. Bxd5 Qc7 24. Qf3 Rd6 25. Be4 Nxe4 26. Qxe4 Rcd8 27. Rxd6 Qxd6 28. g3 Qd4 29. Qxd4 1/2-1/2

[Event "Banska Stiavnica V4 op"]
[Site "Banska Stiavnica"]
[Date "2017.07.09"]
[Round "2"]
[White "Chrenko, Kristian"]
[Black "Sikora, Jan"]
[Result "0-1"]
[WhiteElo "2024"]
[BlackElo "2218"]
[PlyCount "62"]
[EventDate "2017.07.08"]
[EventType "swiss"]
[EventRounds "9"]
[EventCountry "SVK"]
[SourceTitle "CBM 179 Extra"]
[Source "ChessBase"]
[SourceDate "2017.08.23"]
[SourceVersion "1"]
[SourceVersionDate "2017.08.23"]
[SourceQuality "1"]

1. e4 c5 2. Nf3 d6 3. d4 cxd4 4. Nxd4 Nf6 5. f3 Nc6 6. c4 Qb6 7. Nc2 e6 8. Nc3 Be7 9. Rb1 0-0 10. Be3 Qc7 11. Be2 Rd8 12. 0-0 d5 13. cxd5 exd5 14. exd5 Bf5 15. Rc1 Qa5 16. Bc4 Ne5 17. Qd4 Nxc4 18. Qxc4 Rac8 19. Qf4 Bd3 20. Rfd1 Rxc3 21. bxc3 Nxd5 22. Qd4 Nxc3 23. Qxa7 Qxa7 24. Bxa7 Nxd1 25. Nd4 Bf6 26. Bb6 Bxd4+ 27. Bxd4 Be2 28. Bb6 Re8 29. h3 h6 30. a4 Nb2 31. Rc7 Ba6 0-1

[Event "SVK-ch U18/20"]
[Site "Liptovsky Mikulas"]
[Date "2017.04.23"]
[Round "3"]
[White "Karas, Marek"]
[Black "Chrenko, Kristian"]
[Result "1/2-1/2"]
[WhiteElo "2306"]
[BlackElo "2002"]
[PlyCount "58"]
[EventDate "2017.04.22"]
[EventType "swiss"]
[EventRounds "9"]
[EventCountry "SVK"]
[SourceTitle "CBM 178 Extra"]
[Source "ChessBase"]
[SourceDate "2017.06.22"]
[SourceVersion "1"]
[SourceVersionDate "2017.06.22"]
[SourceQuality "1"]

1. d4 d5 2. c4 c6 3. Nf3 Nf6 4. Nc3 a6 5. e3 b5 6. b3 Bg4 7. Be2 e6 8. 0-0 Nbd7 9. Bb2 Be7 10. h3 Bh5 11. Nd2 Bg6 12. Re1 0-0 13. Bf3 Rb8 14. Qc1 bxc4 15. bxc4 Qb6 16. Na4 Qb4 17. Bd1 Ne4 18. Re2 Nxd2 19. Rxd2 Qxc4 20. Qxc4 dxc4 21. Rc1 Bb4 22. Bc3 Ba3 23. Ra1 Nf6 24. Nb2 Ne4 25. Nxc4 Nxd2 26. Nxa3 Nb1 27. Nxb1 Rxb1 28. Rxb1 Bxb1 29. a3 Rc8 1/2-1/2